02270nam a22003617a 4500001000400000003000400004005001700008008004100025020001500066040000800081041001300089082001500102100003600117240003400153245008300187260003200270300001100302490003000313520103700343650002701380650002201407650001701429650001701446650002001463655001601483655002001499700004701519830003501566942001501601952013901616952014001755999001301895358OSt20250528074019.0250401b |||||||e |||| 00| f eng d a8574024899 bpor hengapor a823bC754l aConrad, Josephd1857- 19249315 aThe shadow-line: a confession aA linha de Sombra /c Conrad, Joseph ; Tradução de Maria Antonia Van Acker aSão Paulo bO Globoc2003 a159 p.1 aBiblioteca Folhavvol. 06 aSem nenhum motivo aparente, um jovem da marinha mercante inglesa resolve abandonar a vida no mar. Está decidido a partir do distante porto oriental onde se encontra para regressar ao país de origem. Mas surge uma última missão e o jovem assume o comando de um velho navio atracado em Bancoc (Tailândia), cujo capitão morrera recentemente em circunstâncias misteriosas. Sofrendo com as tempestades, a tripulação doente e uma ameaçadora sensação de aniquilamento, o protagonista tenta conduzir o navio a seu destino, ao mesmo tempo em que se deixa levar pelas estranhas histórias de seu imediato, consumido pela febre. Com domínio total da psicologia das personagens e da situação-limite que vivem, Joseph Conrad (1867-1924) reflete nesta novela, a partir de elementos de sua própria biografia, sobre o rito de passagem entre a juventude e a idade madura - passagem que ele mesmo experimentou ao abandonar a relativamente autônoma vida marítima pela incerta experiência literária.  0aLiteratura Inglesa989 0aPsicológico985 0aAventura947 0aSuspense910 0aClássicos977 0aRomance923 0aFicção 922 aMaria Antonia Van AckereTradução9741 aBiblioteca Folha9734vvol. 06 2ddcn0cBK 00102ddc40708FICaBIBIBbBIBIBcLEd2011-04-26edoaçãol0o823 / C754lp2025-1579r2025-04-01 09:49:15tEx. 01w2025-04-01yBK 00102ddc40708FICaBIBIBbBIBIBcLEd2014-08-29edoaçãol0o823 / C754lp2025-14951r2025-04-01 09:49:15tEx. 02w2025-04-01yBK c358d358